Kysymyksiä Suomen presidenteistä - Statistics

Yleistilastot
  • Tätä visaa on pelattu 211 kertaa
    133 viimeisimmän päivityksen jälkeen
  • Keskiarvotulos 16 / 20
Vastaustilastot
Vinkki Vastaus % Oikein
Montako presidenttiä Suomessa on ollut? 13
99%
Kuka on istuva presidentti? Alexander Stubb
97%
Kuka oli Suomen kahdestoista presidentti? Sauli Niinistö
97%
Pisimpään hallinnut presidentti? Urho Kekkonen
90%
Yllä olevan vaimo? Jenni Haukio
89%
Kuka aloitti presidenttinä vuonna 2000? Tarja Halonen
88%
Paasikiven etunimet(nimeä toinen) Juho Kusti
84%
Ensimmäinen presidentti? K.J. Ståhlberg
84%
Kenen etunimi oli Lauri? Lauri Kristian Relander
84%
Kuka oli merkittävä tekijä Namibian itsenäistymisessä? Martti Ahtisaari
84%
Kuka oli kymmenes presidentti? Martti Ahtisaari
82%
Kuka kuoli vuonna 1956? Ryti/Paasikivi
80%
Kuka syntyi 1943? Tarja Halonen
76%
Kuka oli kuudes presidentti? Carl Gustav Emil Mannerheim
75%
Kuka lopetti presidenttinä vuonna 1931? Lauri Kristian Relander
75%
Kuka kuoli Sveitsissä? Carl Gustav Emil Mannerheim
74%
Kuka syntyi Pielavedellä? Urho kekkonen
68%
Kuka asui Luumäellä? Pehr Svinhufvud
59%
Ensimmäisen presidentin ensimmäinen etunimi Kaarlo
55%
Svinhufvudin vaimon etunimi? Ellen
39%
Ehtoja vastaavia visoja ei löytynyt
Tulosjakauma
Jokaisen tuloksen saaneiden osuus
Persentiili vastausten määrän mukaan
Tuloshistoriasi
Et ole pelannut tätä visaa sen viimeisimmän päivityksen jälkeen